01137 2200325 4500001002100000005001500021035002000036007000300056008004100059020002200100040002200122082001800144084002000162090002200182100003600204245018800240250003100428300004600459650003700505700003200542700003600574850001200610504002800622264004300650336002100693337003000714338002300744999002200767990002200789INLIS00000000089186420241212085116 a0010-1224000411ta241212s2024 yoia g ind d a978-623-190-993-0 aYOPDYOGbinderda04223a641.59598 a641.59598 LIN e aCB-D.11 2024-37010 aLinda Lestarid2001-ePengarang10aEnsiklopedia makanan tradisional awetan suku Melayu kabupaten Kayong Utara /cLinda Lestari, Mahwar Qurbaniah, Anandita Eka Setiadi; penyunting, Mahwar Qurbaniah, Anandita Eka Setiadi aCetakan pertama, Juli 2024 ax, 77 halaman :bgambar berwarna ;c23 cm 4aMasakan Indonesia--vEnsiklopedi0 aMahwar QurbaniahePengarang0 aAnandita Eka SetiadiePengarang aYOPDYOG aBibliografi: halaman 7431aSleman :bBintang Semesta Media,c2024 2rdacontentateks 2rdamediaatanpa perantara 2rdacarrieravolume aCB-D.11/2024-3701 aCB-D.11/2024-3701